<?xml version="1.0" encoding="UTF-8"?>
<record
    xmlns:xsi="http://www.w3.org/2001/XMLSchema-instance"
    xsi:schemaLocation="http://www.loc.gov/MARC21/slim http://www.loc.gov/standards/marcxml/schema/MARC21slim.xsd"
    xmlns="http://www.loc.gov/MARC21/slim">

  <leader>01775nam2a22002651  4500</leader>
  <controlfield tag="001">v19\rc\1525410</controlfield>
  <controlfield tag="005">20260405134611.0</controlfield>
  <datafield tag="035" ind1=" " ind2=" ">
    <subfield code="a">(NLR Aleph) 005234136</subfield>
  </datafield>
  <datafield tag="090" ind1=" " ind2=" ">
    <subfield code="a">5636375</subfield>
    <subfield code="c">5636375</subfield>
  </datafield>
  <datafield tag="100" ind1=" " ind2=" ">
    <subfield code="a">20060620d1895    |||y0rusy50      ca</subfield>
  </datafield>
  <datafield tag="101" ind1="0" ind2=" ">
    <subfield code="a">rus</subfield>
  </datafield>
  <datafield tag="102" ind1=" " ind2=" ">
    <subfield code="a">RU</subfield>
  </datafield>
  <datafield tag="105" ind1=" " ind2=" ">
    <subfield code="a">y b| |||||</subfield>
  </datafield>
  <datafield tag="200" ind1="1" ind2=" ">
    <subfield code="a">&#x41A;&#x430;&#x442;&#x430;&#x43B;&#x43E;&#x433; &#x431;&#x43E;&#x43B;&#x44C;&#x448;&#x43E;&#x439; &#x43A;&#x43E;&#x43B;&#x43B;&#x435;&#x43A;&#x446;&#x438;&#x438; &#x432;&#x43D;&#x43E;&#x432;&#x44C; &#x43F;&#x440;&#x438;&#x43E;&#x431;&#x440;&#x435;&#x442;&#x435;&#x43D;&#x43D;&#x44B;&#x445; &#x441;&#x442;&#x430;&#x440;&#x438;&#x43D;&#x43D;&#x44B;&#x445;, &#x43D;&#x43E;&#x432;&#x44B;&#x445; &#x438; &#x43D;&#x43E;&#x432;&#x435;&#x439;&#x448;&#x438;&#x445; &#x440;&#x443;&#x441;&#x441;&#x43A;&#x438;&#x445; &#x438; &#x438;&#x43D;&#x43E;&#x441;&#x442;&#x440;&#x430;&#x43D;&#x43D;&#x44B;&#x445;, &#x437;&#x430;&#x43C;&#x435;&#x447;&#x430;&#x442;&#x435;&#x43B;&#x44C;&#x43D;&#x44B;&#x445; &#x438;&#x437;&#x434;&#x430;&#x43D;&#x438;&#x439; &#x43F;&#x43E; &#x432;&#x441;&#x435;&#x43C; &#x441;&#x442;&#x438;&#x43B;&#x44F;&#x43C; &#x438; &#x43F;&#x43E; &#x432;&#x441;&#x435;&#x43C; &#x43F;&#x440;&#x435;&#x434;&#x43C;&#x435;&#x442;&#x430;&#x43C; &#x430;&#x440;&#x445;&#x438;&#x442;&#x435;&#x43A;&#x442;&#x443;&#x440;&#x44B;, &#x441;&#x442;&#x440;&#x43E;&#x438;&#x442;&#x435;&#x43B;&#x44C;&#x43D;&#x43E;&#x433;&#x43E; &#x438;&#x441;&#x43A;&#x443;&#x441;&#x441;&#x442;&#x432;&#x430;, &#x442;&#x435;&#x445;&#x43D;&#x438;&#x447;&#x435;&#x441;&#x43A;&#x43E;&#x433;&#x43E; &#x447;&#x435;&#x440;&#x447;&#x435;&#x43D;&#x438;&#x44F;, &#x43E;&#x440;&#x43D;&#x430;&#x43C;&#x435;&#x43D;&#x442;&#x430;&#x446;&#x438;&#x438;, &#x434;&#x435;&#x43A;&#x43E;&#x440;&#x430;&#x442;&#x438;&#x432;&#x43D;&#x43E;&#x439; &#x436;&#x438;&#x432;&#x43E;&#x43F;&#x438;&#x441;&#x438;, &#x43C;&#x435;&#x431;&#x435;&#x43B;&#x44C;&#x43D;&#x43E;&#x433;&#x43E;, &#x43E;&#x431;&#x43E;&#x439;&#x43D;&#x43E;&#x433;&#x43E; &#x438; &#x441;&#x442;&#x43E;&#x43B;&#x44F;&#x440;&#x43D;&#x43E;&#x433;&#x43E; &#x434;&#x435;&#x43B;&#x430;, &#x445;&#x443;&#x434;&#x43E;&#x436;&#x435;&#x441;&#x442;&#x432;&#x435;&#x43D;&#x43D;&#x43E;&#x439; &#x43F;&#x440;&#x43E;&#x43C;&#x44B;&#x448;&#x43B;&#x435;&#x43D;&#x43D;&#x43E;&#x441;&#x442;&#x438; &#x438; &#x440;&#x435;&#x43C;&#x435;&#x441;&#x435;&#x43B; &#x438; &#x43A;&#x43D;&#x438;&#x433; &#x441; &#x440;&#x438;&#x441;&#x443;&#x43D;&#x43A;&#x430;&#x43C;&#x438; &#x445;&#x443;&#x434;&#x43E;&#x436;&#x435;&#x441;&#x442;&#x432;&#x435;&#x43D;&#x43D;&#x44B;&#x445; &#x432;&#x435;&#x449;&#x435;&#x439; &#x432;&#x441;&#x44F;&#x43A;&#x43E;&#x433;&#x43E; &#x440;&#x43E;&#x434;&#x430;, &#x43F;&#x440;&#x43E;&#x434;&#x430;&#x44E;&#x449;&#x438;&#x445;&#x441;&#x44F;... &#x432; &#x43A;&#x43D;&#x438;&#x436;&#x43D;&#x43E;&#x43C; &#x438; &#x44D;&#x441;&#x442;&#x430;&#x43C;&#x43F;&#x43D;&#x43E;&#x43C; &#x43C;&#x430;&#x433;&#x430;&#x437;&#x438;&#x43D;&#x435; &#x42D;.&#x41A;. &#x413;&#x430;&#x440;&#x442;&#x44C;&#x435; &#x43F;&#x43E;&#x434; &#x444;</subfield>
  </datafield>
  <datafield tag="210" ind1=" " ind2=" ">
    <subfield code="d">1895</subfield>
    <subfield code="a">&#x411;. &#x43C;.</subfield>
  </datafield>
  <datafield tag="215" ind1=" " ind2=" ">
    <subfield code="a">[2], 18 &#x441;.</subfield>
  </datafield>
  <datafield tag="461" ind1=" " ind2="0">
    <subfield code="1">001v19\rc\1525404</subfield>
    <subfield code="1">2001#$a&#x41A;&#x430;&#x442;&#x430;&#x43B;&#x43E;&#x433; &#x430;&#x43D;&#x442;&#x438;&#x43A;&#x432;&#x430;&#x440;&#x43D;&#x44B;&#x445; &#x43A;&#x43D;&#x438;&#x433;$v&#x2116; 11</subfield>
    <subfield code="9">3369320</subfield>
    <subfield code="a">"&#x41F;&#x43E;&#x441;&#x440;&#x435;&#x434;&#x43D;&#x438;&#x43A;", &#x43A;&#x43D;&#x438;&#x436;&#x43D;&#x430;&#x44F; &#x442;&#x43E;&#x440;&#x433;&#x43E;&#x432;&#x43B;&#x44F; (&#x41F;&#x435;&#x442;&#x435;&#x440;&#x431;&#x443;&#x440;&#x433;)</subfield>
    <subfield code="c">&#x421;.-&#x41F;&#x435;&#x442;&#x435;&#x440;&#x431;&#x443;&#x440;&#x433;</subfield>
    <subfield code="d">1886-1895</subfield>
    <subfield code="t">&#x41A;&#x430;&#x442;&#x430;&#x43B;&#x43E;&#x433; &#x430;&#x43D;&#x442;&#x438;&#x43A;&#x432;&#x430;&#x440;&#x43D;&#x44B;&#x445; &#x43A;&#x43D;&#x438;&#x433;</subfield>
    <subfield code="v">&#x2116; 11</subfield>
  </datafield>
  <datafield tag="702" ind1=" " ind2="1">
    <subfield code="4">570</subfield>
    <subfield code="8">rus</subfield>
    <subfield code="7">ca</subfield>
    <subfield code="a">&#x413;&#x430;&#x440;&#x442;&#x44C;&#x435;</subfield>
    <subfield code="b">&#x42D;. &#x41A;.</subfield>
    <subfield code="f">1849-1911</subfield>
    <subfield code="g">&#x42D;&#x43C;&#x438;&#x43B;&#x44C; &#x41A;.</subfield>
    <subfield code="3">RU\NLR\AUTH\7755084</subfield>
    <subfield code="9">38016</subfield>
  </datafield>
  <datafield tag="801" ind1=" " ind2="2">
    <subfield code="a">RU</subfield>
    <subfield code="b">NLR</subfield>
    <subfield code="c">20070823</subfield>
    <subfield code="2">rusmarc</subfield>
  </datafield>
  <datafield tag="801" ind1=" " ind2="0">
    <subfield code="a">RU</subfield>
    <subfield code="b">NLR</subfield>
    <subfield code="g">psbo</subfield>
  </datafield>
  <datafield tag="801" ind1=" " ind2="0">
    <subfield code="a">RU</subfield>
    <subfield code="b">RuMoRGB</subfield>
    <subfield code="2">psbo</subfield>
  </datafield>
  <datafield tag="801" ind1=" " ind2="1">
    <subfield code="a">RU</subfield>
    <subfield code="b">ProSoft-M</subfield>
    <subfield code="2">rusmarc</subfield>
  </datafield>
  <datafield tag="852" ind1=" " ind2=" ">
    <subfield code="a">NLR</subfield>
    <subfield code="j">671/&#x41F;-62</subfield>
  </datafield>
  <datafield tag="942" ind1=" " ind2=" ">
    <subfield code="c">BOOK</subfield>
  </datafield>
  <datafield tag="980" ind1=" " ind2=" ">
    <subfield code="a">NB</subfield>
  </datafield>
  <datafield tag="995" ind1=" " ind2=" ">
    <subfield code="5">2013-10-26</subfield>
    <subfield code="b">NLR01</subfield>
    <subfield code="c">NLR01</subfield>
    <subfield code="e">CSB</subfield>
    <subfield code="f">5234136-10</subfield>
    <subfield code="k">671/&#x41F;-61</subfield>
    <subfield code="o">0</subfield>
    <subfield code="r">BOOK</subfield>
    <subfield code="s">67161_</subfield>
  </datafield>
</record>
